La población de Navarra en el siglo XIV
Zapisane w:
| 1. autor: | |
|---|---|
| Format: | Książka |
| Język: | hiszpański |
| Wydane: |
Pamplona
EUNSA
1973
|
| Seria: | Histórica de la Universidad de Navarra, 29
|
| Hasła przedmiotowe: | |
| Etykiety: |
Dodaj etykietę
Nie ma etykietki, Dołącz pierwszą etykiete!
|
MARC
| LEADER | 00000nam a2200000 a 4500 | ||
|---|---|---|---|
| 001 | UCS2631 | ||
| 003 | CL-VaPUC | ||
| 008 | 970604e19730000SP |||||||||||||||||spa|d | ||
| 082 | 0 | 4 | |a 946.02 |b CAR |2 21 |
| 100 | 0 | |a Carrasco Pérez, Juan |e author |9 388279 | |
| 245 | 1 | 3 | |a La población de Navarra en el siglo XIV |
| 300 | |a 703 p | ||
| 942 | |c BK | ||
| 945 | |d 19970604 00:00:00 |a paguirre | ||
| 260 | |a Pamplona |b EUNSA |c 1973 | ||
| 650 | 7 | |a HISTORIA DE ESPAÑA SIGLO 14 |2 CL-VaPUC |9 388280 | |
| 650 | 0 | |a Población |9 257577 | |
| 650 | 7 | |a INVESTIGACION DEMOGRAFICA |2 CL-VaPUC |9 336843 | |
| 650 | 7 | |a DENSIDAD DE POBLACION |2 CL-VaPUC |9 388281 | |
| 651 | 0 | |a España |9 254926 | |
| 651 | 7 | |a NAVARRA |2 CL-VaPUC |9 386250 | |
| 583 | |a last modification |c 20160810 05:36:49 |k Rodrigo Vera | ||
| 490 | 0 | |a Histórica de la Universidad de Navarra, 29 | |
| 999 | |c 260574 |d 260572 | ||
| 952 | |0 0 |1 0 |4 0 |6 946_020000000000000_CAR_1973 |7 0 |8 P |9 286797 |a BIBDER |b BIBDER |d 2019-11-19 |i 1860623 |o 946.02 CAR 1973 |p 1860623 |r 2023-01-25 |w 2019-11-19 |y BK |k DER | ||